000 00373nam a22001577a 4500
999 _c259047
_d259046
003 OSt
005 20200813101343.0
008 200813b xxu||||| |||| 00| 0 eng d
020 _a0130207489
040 _cN/A
100 _aJohn J. Macionis
245 _aSociety
_bthe basics
250 _afifth edition
260 _aNew Jersey
_bPrentice Hall
_c2000
942 _2lcc
_cBK